000 00385nam a2200133Ia 4500
005 20260328101507.0
008 260328s9999||||xx |||||||||||||| ||und||
100 _aMouzon, Stephen A.
245 2 _aA living tradition :
_b Architecture of the Bahamas /
_cStephen A. Mouzon
260 _bThe New Urban Guild Foundation
300 _a298 p.
650 _aARQUITECTURA REGIONAL
942 _cBK
999 _c9050
_d9050